01684nam a22003494a 4500001001200000003000800012006001900020007001500039008004100054010001700095020003600112020003500148040002100183035002100204050002600225082001600251100002800267245008500295260006100380300001600441504006400457505027900521533015200800650003900952651004800991651005201039651005601091655002901147710001701176856012601193999001501319ebr10026232CaPaEBRm u cr cn|||||||||001205s2001 dcu sb 001 0 eng  z 00012817  z0815737548 (cloth : alk. paper) z081573753X (pbk. : alk. paper) aCaPaEBRcCaPaEBR a(OCoLC)61473361714aHC340.12b.H68 2001eb04a338.9472211 aHough, Jerry F.,d1935-14aThe logic of economic reform in Russiah[electronic resource] /cJerry F. Hough. aWashington, D.C. :bBrookings Institution Press,cc2001. axvi, 318 p. aIncludes bibliographical references (p. 255-293) and index.0 aIntroduction -- Economic reform and the role of government -- Privatization -- Saving and investment -- The debate over economic policy, 1991-93 -- The response of the political system, 1993-96 -- The collapse of the Ponzi game -- Institutions, market reform, and democracy. aElectronic reproduction.bPalo Alto, Calif. :cebrary,d2013.nAvailable via World Wide Web.nAccess may be limited to ebrary affiliated libraries. 0aPrivatizationzRussia (Federation) 0aRussia (Federation)xEconomic policyy1991- 0aRussia (Federation)xEconomic conditionsy1991- 0aRussia (Federation)xPolitics and governmenty1991- 7aElectronic books.2local2 aebrary, Inc.40uhttp://site.ebrary.com/lib/rucke/Doc?id=10026232zAn electronic book accessible through the World Wide Web; click to view c8683d8683